|
|
|
|
| LEADER |
01634cam a22003853a 4500 |
| 001 |
37659 |
| 003 |
BD-DhAAL |
| 005 |
20220203155728.0 |
| 008 |
220203t2002 nyua 001 0 eng d |
| 999 |
|
|
|c 43454
|d 43454
|
| 010 |
|
|
|a 2002510733
|
| 020 |
|
|
|a 007137759X
|
| 020 |
|
|
|a 9780071377591
|
| 035 |
|
|
|a (OCoLC)ocm50083785
|
| 040 |
|
|
|a YEQ
|c YEQ
|d DLC
|
| 050 |
0 |
0 |
|a MLCM 2006/11443
|
| 082 |
0 |
4 |
|a 372.83044
|2 21
|
| 100 |
1 |
|
|a White, Nancy,
|d 1942-
|9 45421
|
| 245 |
1 |
0 |
|a Get ready! for social studies.
|p Essays, book reports, and research papers /
|c Nancy White, Francine Weinberg.
|
| 246 |
|
|
|a Essays, book reports and research papers
|
| 260 |
|
|
|a New York, NY :
|b McGraw-Hill,
|c c2002.
|
| 300 |
|
|
|a v, 130 pages :
|b illustrations ;
|c 28 cm.
|
| 490 |
|
|
|a Get Ready! for Social Studies.
|
| 500 |
|
|
|a Includes index.
|
| 541 |
|
|
|a Complimentary copy from BIED
|
| 650 |
|
0 |
|a Social sciences
|x Study and teaching (Elementary)
|9 45422
|
| 650 |
|
0 |
|a Report writing
|x Study and teaching (Elementary)
|9 45423
|
| 650 |
|
0 |
|a Education.
|9 45424
|
| 700 |
1 |
|
|a Weinberg, Francine.
|9 45425
|
| 830 |
|
|
|a Get Ready! for Social Studies.
|9 45426
|
| 852 |
|
|
|a Ayesha Abed Library
|c BIED Collection
|
| 856 |
4 |
2 |
|3 Contributor biographical information
|u http://www.loc.gov/catdir/bios/mh041/2002510733.html
|
| 856 |
4 |
2 |
|3 Publisher description
|u http://www.loc.gov/catdir/description/mh031/2002510733.html
|
| 942 |
|
|
|2 ddc
|c BK
|
| 952 |
|
|
|0 0
|1 0
|2 ddc
|4 0
|6 372_830440000000000_WHI
|7 0
|9 69724
|a BRACUL
|b BRACUL
|c GEN
|d 2022-02-03
|e Complimentary copy from BIED
|l 0
|o 372.83044 WHI
|p 3010037659
|r 2022-02-03
|t 1
|w 2022-02-03
|y BK
|x Transferred from BIED to General Stacks
|